Daňovo optimálne odmeňovanie zamestnancov
Uplatňovanie zamestnaneckých výhod, zliav, nepeňažných požitkov a iných nástrojov odmeňovania zamestnancov a ich vplyv na daňovú optimalizáciu pri odmeňovaní. Príjmy zo závislej činnosti a funkčných požitkov. Niektoré otázky súvisiace so zdaňovaním príjmov zamestnanca. Druhy príjmov, ktoré nie sú pr...
Salvato in:
| Autore principale: | |
|---|---|
| Natura: | Capitolo di libro |
| Lingua: | slovacco |
| Soggetti: | |
| Tags: |
Nessun Tag, puoi essere il primo ad aggiungerne!!
|
MARC
| LEADER | 00000naa a2200000 4500 | ||
|---|---|---|---|
| 001 | r040923 | ||
| 005 | 20230919091548.7 | ||
| 041 | 0 | |a slo | |
| 044 | |a SK | ||
| 245 | 1 | 0 | |a Daňovo optimálne odmeňovanie zamestnancov |c Ingrid Valenčáková |
| 520 | |a Uplatňovanie zamestnaneckých výhod, zliav, nepeňažných požitkov a iných nástrojov odmeňovania zamestnancov a ich vplyv na daňovú optimalizáciu pri odmeňovaní. Príjmy zo závislej činnosti a funkčných požitkov. Niektoré otázky súvisiace so zdaňovaním príjmov zamestnanca. Druhy príjmov, ktoré nie sú predmetom dane. Daňová optimalizácia uplatňovaná pri odmeňovaní zamestnancov. | ||
| 610 | 2 | 0 | |a odmeňovanie |
| 610 | 2 | 0 | |a optimalizácia daňová |
| 610 | 2 | 0 | |a zamestnanci |
| 610 | 2 | 0 | |a odmeny |
| 610 | 2 | 0 | |a príjmy |
| 100 | 1 | |a Valenčáková, Ingrid | |